Guess the car brand #2 - Statistics

General Stats
  • This quiz has been taken 76 times
  • The average score is 7 of 8
Answer Stats
Picture Answer % Correct
BMW
100%
Ford
94%
Porsche
92%
Mazda
82%
Suzuki
82%
Alfa Romeo
78%
Skoda
78%
Mclaren
64%
No matching quizzes found
Score Distribution
Percent of People with Each Score
Percentile by Number Answered
Your Score History
You have not taken this quiz